1606 1534 1654 1738 1862 1137 1231 1726 1153 2000 1174 1728 1599 1992 1659 1033 1731 1337 1736 1133 1288 1064 1958 1759 1239 1570 1673 1334 1897 1098 1204 1820 1700 1318 1231 1033 1723 1038 1888 1791 1556 1541 1658 1500 1200 1109 1730 1339 1086 1865 1108 1838 1996 1512 1673 1010 1663 1456 1427 1876 1554 1032 1915 1713 1027 1319 1476 1968 1031 1355 1782 1933 1918 1766 1346 1973 1626 1183 1375 1542 1475 1539 1017 1422 1987 1755 1144 1213 1076 1407 1621 1322 1383 1789 1402 1160 1192 1828 1206 BCNSPRNW ULIB Ver.6.0+V

เปลี่ยนเป็นภาษาไทย

Change to English
 แสดงรายละเอียดบรรณานุกรม
  กลับหน้าหลัก

Brief Record : Get Marc (ISO 2709) : E-mail record : QR code < ปิดหน้าต่าง
LEADER : 00000nas 2200000uu 4500
001    13399126186
003     ULIB
008    180711s2561||||th 000 0 tha d
022 0  ^a08589739
110 1  ^aรามาธิบดีพยาบาลสาร
245 00 ^aรามาธิบดีพยาบาลสาร^cมหาวิทยาลัยมหิดล
260    ^aกรุงเทพฯ;^bมหาวิทยาลัยมหิดล,^c2561
310    ^aรายสี่เดือน
850 ^a ULIB^bปีที่ 24 ฉบับที่ 1 ฉ.1 ;ปีที่ 24 ฉบับที่ 2 ฉ.1
945    ^p0^l0^i904930
945    ^p0^l0^i905067
999    ^aประนอม เกษจรัล
รายการนี้ยังไม่มีแท็ก
คุณยังไม่ได้ล็อกอิน คุณสามารถมีกิจกรรมร่วมกับเว็บไซต์ได้ แต่ต้องล็อกอินก่อน ::
  ล็อกอิน

รายการสื่อสารสนเทศ (วารสาร)

ดูแบบ: กล่อง รายการ
ARRIVED
ปีที่ 24 ฉบับที่ 1 ฉ.1
สถานที่: ห้องสมุดวิทยาเขตสวรรค์ประชารักษ์ >วารสาร
ARRIVED
ปีที่ 24 ฉบับที่ 2 ฉ.1
สถานที่: ห้องสมุดวิทยาเขตสวรรค์ประชารักษ์ >วารสาร

BibComment


ยังไม่เคยถูกคอมเมนท์

คอมเมนท์ทรัพยากรรายการนี้
  คอมเมนท์: รามาธิบดีพยาบาลส..


 Copyright 2026. Bcnsprnw @Library